000 00778cam a2200241 a 4500
001 000018072
005 20200929165337.0
008 900514s1989 sp 000 f spa d
020 _a8401421152
020 _a8401429625
040 _aDO-SdBNP
_bspa
_cLC
_dBNPHU
082 _aPe863.44
_bB916h
100 1 _aBryce Echenique, Alfredo,
_d1939-
_915067
245 1 3 _aEl hombre que hablaba de Octavia de Cádiz /
_cAlfredo Bryce Echenique.
260 _aBarcelona :
_bPlaza & Janes,
_c1989.
300 _a374 p. ;
_c22 cm.
490 1 _aBiblioteca de Alfredo Bryce Echenique
650 4 _aNovela peruana
_912569
650 4 _aLiteratura peruana
_ySIGLO XX
_914789
830 0 _aBiblioteca de Alfredo Bryce Echenique
_939171
910 _aCatalogación derivada
049 _aBNGR
999 _c17594
_d17594